000 01150nam a2200277Ia 4500
003 OSt
005 20221005111551.0
006 a|||||r|||| 00| 0
007 ta
008 221004b |||||||| |||| 00| 0 hin d
020 _a8126007982 (hbk)
_cIndian Rupees 225
024 _a41072
037 _bGift, 09/01/2019,
_cTextual
040 _aCRL
_cCRL
_bhin
041 _2hin
_ahin
082 _aO11195,1:g, 152P4
100 _aनारंग, गोपीचन्द, ले.
245 0 _aसंरचनावाद उत्तर - संरचनावाद एवं प्राच्य काव्यशास्त्र
246 _aSanrachanāvād uttar - sanrachanāvād evan prāchya kāvyashāstra
260 _aनई दिल्ली
_bसाहित्य अकादेमी भारत
_c2004
300 _a456पृ0
_ccm.
650 _a अंग्रेजी साहित्य
650 _aअंग्रेजी कविता
942 _hO11195,1:g, 152P4
_cTEXL
_2cc
999 _c1022188
_d1022188